Europe on the Brink (Record no. 333252)
[ view plain ]
| 000 -LEADER | |
|---|---|
| fixed length control field | 00496nam a2200097Ia 4500 |
| 008 - FIXED-LENGTH DATA ELEMENTS--GENERAL INFORMATION | |
| fixed length control field | 170517s9999 xx 000 0 und d |
| 245 ## - TITLE STATEMENT | |
| Title | Europe on the Brink |
| 300 ## - PHYSICAL DESCRIPTION | |
| Extent | In this documentary, Wall Street Journal editors and reporters examine the origins of Europe's debt crisis and why it spread with such ferocity to engulf much of the continent and threaten the entire world. Had Europe faced up to... |
| 650 ## - SUBJECT ADDED ENTRY--TOPICAL TERM | |
| General subdivision | Business and Economics. |
| 856 ## - ELECTRONIC LOCATION AND ACCESS | |
| Uniform Resource Identifier | <a href="http://topdocumentaryfilms.com/europe-brink/">http://topdocumentaryfilms.com/europe-brink/</a> |
| Withdrawn status | Lost status | Damaged status | Home library | Current library | Date acquired | Total Checkouts | Date last seen | Price effective from | Koha item type |
|---|---|---|---|---|---|---|---|---|---|
| College Library | College Library | 05/17/2017 | 05/17/2017 | 05/17/2017 | Documentary Films |